Detalles MARC
| 000 -LEADER |
| fixed length control field |
01864nam a22003497a 4500 |
| 003 - CONTROL NUMBER IDENTIFIER |
| control field |
OSt |
| 005 - DATE AND TIME OF LATEST TRANSACTION |
| control field |
20250808152525.0 |
| 008 - FIXED-LENGTH DATA ELEMENTS--GENERAL INFORMATION |
| fixed length control field |
210916b2012 ck ||||jr|||| 00| j spa d |
| 020 ## - INTERNATIONAL STANDARD BOOK NUMBER |
| International Standard Book Number |
9789589993590 |
| 040 ## - CATALOGING SOURCE |
| Original cataloging agency |
CO-JMCR |
| Transcribing agency |
CO-JMCR |
| 041 0# - LANGUAGE CODE |
| Language code of text/sound track or separate title |
spa |
| 082 04 - DEWEY DECIMAL CLASSIFICATION NUMBER |
| Classification number |
J-C |
| Item number |
MACf |
| Edition number |
23 |
| 100 1# - MAIN ENTRY--PERSONAL NAME |
| Personal name |
Machado de Asís, Joaquim María, |
| Relator term |
autor |
| 9 (RLIN) |
40581 |
| 245 10 - TITLE STATEMENT |
| Title |
Ficções : |
| Remainder of title |
ficciones desde Brasil / |
| Statement of responsibility, etc. |
Joaquim María Machado de Assís, Afonso Henriques de Lima Barreto, Graciliano Ramos [y otros 7] |
| 250 ## - EDITION STATEMENT |
| Edition statement |
Primera edición |
| 260 ## - PUBLICATION, DISTRIBUTION, ETC. |
| Place of publication, distribution, etc. |
Bogotá : |
| Name of publisher, distributor, etc. |
Alcaldía Mayor de Bogotá : Secretaría Distrital de Cultura, Recreación y Deporte : Instituto Distrital de las Artes-Idartes, |
| Date of publication, distribution, etc. |
2012 |
| 300 ## - PHYSICAL DESCRIPTION |
| Extent |
101 páginas ; |
| Dimensions |
17 cm. |
| 490 0# - SERIES STATEMENT |
| Series statement |
Libro al viento ; |
| Volume/sequential designation |
84 |
| 500 ## - GENERAL NOTE |
| General note |
Edición conmemorativa de Brasil como país invitado a la 25a. Feria Internacional del Libro de Bogotá 2012. |
| 505 0# - FORMATTED CONTENTS NOTE |
| Title |
Misa de gallo / |
| Statement of responsibility |
Joaquim María Machado de Assís |
| Title |
El hombre que sabía javanés / |
| Statement of responsibility |
Alfonso Henriques de Lima Barreto |
| Title |
Balei / |
| Statement of responsibility |
Graciliano Ramos |
| Title |
Lazos de familia / |
| Statement of responsibility |
Clarice Lispector |
| Title |
Corazones solitarios / |
| Statement of responsibility |
Rubem Fonseca |
| Title |
El vampiro de de Curitiba / |
| Statement of responsibility |
Dalton Trevisan |
| Title |
Ave de paraíso / |
| Statement of responsibility |
Nélida Piñon |
| Title |
Como un collar / |
| Statement of responsibility |
Marina Colasanti |
| Title |
Lagoa Blues / |
| Statement of responsibility |
Trabajara Ruas |
| Title |
Soñadora / |
| Statement of responsibility |
Adriana Lunardi |
| 650 14 - SUBJECT ADDED ENTRY--TOPICAL TERM |
| Topical term or geographic name entry element |
Cuentos brasileños |
| Form subdivision |
Colecciones |
| 9 (RLIN) |
40582 |
| 650 24 - SUBJECT ADDED ENTRY--TOPICAL TERM |
| Topical term or geographic name entry element |
Literatura brasileña |
| Form subdivision |
Colecciones de escritos |
| 9 (RLIN) |
40583 |
| 650 24 - SUBJECT ADDED ENTRY--TOPICAL TERM |
| Topical term or geographic name entry element |
Muerte en la literatura |
| 9 (RLIN) |
954 |
| 650 24 - SUBJECT ADDED ENTRY--TOPICAL TERM |
| Topical term or geographic name entry element |
Animales en la literatura |
| 9 (RLIN) |
40584 |
| 650 24 - SUBJECT ADDED ENTRY--TOPICAL TERM |
| Topical term or geographic name entry element |
Familia en la literatura |
| 9 (RLIN) |
591 |
| 650 24 - SUBJECT ADDED ENTRY--TOPICAL TERM |
| Topical term or geographic name entry element |
Princesas en la literatura |
| 9 (RLIN) |
1776 |
| 650 24 - SUBJECT ADDED ENTRY--TOPICAL TERM |
| Topical term or geographic name entry element |
Mujeres en la literatura |
| 9 (RLIN) |
6298 |
| 650 24 - SUBJECT ADDED ENTRY--TOPICAL TERM |
| Topical term or geographic name entry element |
Amor en la literatura |
| 9 (RLIN) |
634 |
| 700 1# - ADDED ENTRY--PERSONAL NAME |
| Personal name |
Henriques de Lima Barreto, Afonso, |
| Dates associated with a name |
|
| Relator term |
autor |
| 9 (RLIN) |
40585 |
| 700 1# - ADDED ENTRY--PERSONAL NAME |
| Personal name |
Ramos, Graciliano, |
| Relator term |
autor |
| 9 (RLIN) |
40586 |
| 942 ## - ADDED ENTRY ELEMENTS (KOHA) |
| Source of classification or shelving scheme |
Dewey Decimal Classification |
| Koha item type |
Books |